书目信息 |
| 题名: |
书法的形态与阐释
|
|
| 作者: | 邱振中 著 | |
| 分册: | ||
| 出版信息: | 北京 中国人民大学出版社 2005 |
|
| 页数: | 316页 | |
| 开本: | 23cm | |
| 丛书名: | 邱振中书法论集 | |
| 单 册: | ||
| 中图分类: | J292.1-53 | |
| 科图分类: | ||
| 主题词: | 书法--中国--文集 , 书法 | |
| 电子资源: | ||
| ISBN: | 7-300-06558-9 | |
| 000 | 00893oam2 2200253 450 | |
| 001 | 002991494 | |
| 005 | 20070805180426.96 | |
| 010 | @a7-300-06558-9@dCNY24.80 | |
| 100 | @a20050616d2005 em y0chiy0110 ea | |
| 101 | 0 | @achi |
| 102 | @aCN@b110000 | |
| 105 | @aa z 000yy | |
| 200 | 1 | @a书法的形态与阐释@9shu fa de xing tai yu chan shi@f邱振中著 |
| 210 | @a北京@c中国人民大学出版社@d2005@h2006 | |
| 215 | @a316页@c图@d23cm | |
| 225 | 2 | @a邱振中书法论集 |
| 330 | @a全书包括两部分的内容,一部分是对书法形式构成的研究;另一部分是对书法有关现象的解说。收有《线的艺术》、《书法作品中的运动与空间》、《卷与轴》、《关于笔法演变的若干问题》、《章法的构成》等文章。 | |
| 461 | 0 | @12001 @a邱振中书法论集 |
| 606 | 0 | @a书法@y中国@j文集 |
| 606 | 0 | @a书法 |
| 690 | @aJ292.1-53@v4 | |
| 701 | 0 | @a邱振中@9qiu zhen zhong@f(1947~)@4著 |
| 801 | 0 | @aCN@bNLC@c20070805 |
| 905 | @a10447@dJ292.1-53@e502 | |
| 书法的形态与阐释/邱振中著.-北京:中国人民大学出版社,2005(2006) |
| 316页:图;23cm.-(邱振中书法论集) |
| ISBN 7-300-06558-9:CNY24.80 |
| 全书包括两部分的内容,一部分是对书法形式构成的研究;另一部分是对书法有关现象的解说。收有《线的艺术》、《书法作品中的运动与空间》、《卷与轴》、《关于笔法演变的若干问题》、《章法的构成》等文章。 |
| ● |
| 相关链接 |
|
|
|
|
正题名:书法的形态与阐释
索取号:J292.1-53/502
 
预约/预借
| 序号 | 登录号 | 条形码 | 馆藏地/架位号 | 状态 | 备注 |
| 1 | 0806093 | 208060934 | 第一样本阅览室/ [索取号:J292.1-53/502] | 在馆 | |
| 2 | 0806094 | 208060943 | 第一借阅区/ [索取号:J292.1-53/502] | 在馆 | |
| 3 | 0806095 | 208060952 | 第一借阅区/ [索取号:J292.1-53/502] | 在馆 | |
| 4 | 0806096 | 208060961 | 第一借阅区/ [索取号:J292.1-53/502] | 在馆 | |
| 5 | 0806097 | 208060970 | 第一借阅区/ [索取号:J292.1-53/502] | 在馆 | |
| 6 | 0806098 | 208060989 | 第一借阅区/ [索取号:J292.1-53/502] | 在馆 | |
| 7 | 0806099 | 208060998 | 第一借阅区/ [索取号:J292.1-53/502] | 在馆 | |
| 8 | 0806100 | 208061005 | 密集书库-美术系/ [索取号:J292.1-53/502] | 在馆 | |
| 9 | 0806101 | 208061014 | 密集书库-美术系/ [索取号:J292.1-53/502] | 在馆 | |
| 10 | 0806102 | 208061023 | 密集书库-美术系/ [索取号:J292.1-53/502] | 在馆 |